000 00358nam a2200157Ia 4500
003 Ost
005 20260225132547.0
008 260225s9999||||xx |||||||||||||| ||und||
040 _cfsic
041 _afre
082 _a440
100 _aFouad Zakariya
_eAuteur
245 0 _aLes arabes à l'heure du choix /
245 0 _cFouad Zakariya
942 _cكتاب
999 _c33893
_d33893